[Event "AUTO-OPEN-4142"]
[Site "http://www.queenalice.com/game.php?id=1759370"]
[Date "2021.5.13"]
[Round "3"]
[White "Asspain"]
[Black "josebaron"]
[Result "0-1"]
[WhiteElo "2095"]
[BlackElo "2566"]

1. e4 e5 2. Nf3 Nc6 3. Nc3 Bc5 4. Be2 Nf6 5. O-O O-O 6. d3 h6 7. Be3 Bb6 8. Nd5
Nxd5 9. exd5 Ne7 10. c4 d6 11. Qd2 Nf5 12. Bxb6 axb6 13. d4 e4 14. Ne1 Qg5 15.
Qxg5 hxg5 16. Nc2 Ne7 17. a3 g4 18. Ne3 f5 19. f3 gxf3 20. gxf3 f4 21. Nd1 e3
22. Nc3 Nf5 23. Rfd1 Bd7 24. b4 Rf6 25. c5 Kf7 26. Ne4 Rh6 27. Ng5+ Ke7 28.
cxd6+ cxd6 29. Ne6 Bxe6 30. dxe6 Rg6+ 0-1

[Event "AUTO-OPEN-4142"]
[Site "http://www.queenalice.com/game.php?id=1759371"]
[Date "2021.5.13"]
[Round "3"]
[White "josebaron"]
[Black "Asspain"]
[Result "1-0"]
[WhiteElo "2564"]
[BlackElo "2115"]

1. e4 c6 2. Nf3 d5 3. exd5 cxd5 4. d4 Nc6 5. Nc3 Nf6 6. Bd3 Bg4 7. h3 Bxf3 8.
Qxf3 Nxd4 9. Qg3 e6 10. O-O Qd7 11. Be3 Nc6 12. Nb5 Rc8 13. Bxa7 e5 14. Rfe1 1-0

[Event "AUTO-OPEN-4283"]
[Site "http://www.queenalice.com/game.php?id=1760981"]
[Date "2021.5.30"]
[Round "1"]
[White "Asspain"]
[Black "Canaye"]
[Result "0-1"]
[WhiteElo "2102"]
[BlackElo "1798"]

1. e4 e6 2. g3 d5 3. exd5 Qxd5 4. Qf3 Nf6 5. Nc3 Qd8 6. Bg2 Nc6 7. Nh3 Nd4 8.
Qd1 Be7 9. O-O a6 10. Ne2 O-O 11. Nxd4 Qxd4 12. c3 Qd8 13. d4 c5 14. dxc5 Bxc5
15. Bg5 Be7 16. Qb3 h6 17. Rad1 Qe8 18. Rfe1 hxg5 19. Nxg5 Rb8 0-1

[Event "AUTO-OPEN-4283"]
[Site "http://www.queenalice.com/game.php?id=1760982"]
[Date "2021.5.30"]
[Round "1"]
[White "Canaye"]
[Black "Asspain"]
[Result "0-1"]
[WhiteElo "1831"]
[BlackElo "2089"]

1. d4 Nf6 2. c4 e5 3. dxe5 Ng4 4. e4 h5 5. Nc3 Nc6 6. Nf3 Bc5 7. Be3 Nxe3 8.
fxe3 Bxe3 9. Nd5 Bc5 10. a3 a6 11. b4 Ba7 12. Bd3 d6 13. Rc1 Bg4 14. c5 Nxe5 15.
O-O dxc5 16. bxc5 c6 17. Ne3 Nxd3 18. Qb3 Nxc5 19. Qc3 Ne6 20. Ne5 O-O 21. Nxg4
hxg4 22. Kh1 Qd4 23. Qxd4 Nxd4 24. Nxg4 Rae8 25. e5 Re6 26. Rfd1 Rfe8 27. h3
Rxe5 28. Nxe5 Rxe5 29. Rb1 b5 30. Rb4 c5 31. Rbb1 c4 32. a4 c3 33. Rb4 c2 34.
Rc1 Bc5 35. Rxd4 Bxd4 36. Rxc2 bxa4 37. Rc4 a3 38. Rxd4 Re1+ 39. Kh2 a2 40. Rd8+
Kh7 41. g4 a1=Q 42. Kg3 Qf6 43. Rd2 Qc3+ 44. Kh4 Rg1 0-1

[Event "AUTO-OPEN-4283"]
[Site "http://www.queenalice.com/game.php?id=1760983"]
[Date "2021.5.30"]
[Round "1"]
[White "Asspain"]
[Black "australia"]
[Result "1-0"]
[WhiteElo "2095"]
[BlackElo "1792"]

1. e4 e5 2. Nf3 Nc6 3. Nc3 Nf6 4. Nxe5 Nxe5 5. d4 Neg4 6. e5 Qe7 7. Bf4 Nxf2 8.
Kxf2 Ng8 9. Nd5 Qd8 10. e6 Bd6 11. exf7+ Kxf7 12. Qf3 Bxf4 13. Qxf4+ Nf6 14. Bc4
d6 15. Nxf6+ Kg6 16. Bd3+ Kf7 17. Nd7+ Kg8 18. Bc4+ 1-0

[Event "AUTO-OPEN-4283"]
[Site "http://www.queenalice.com/game.php?id=1760984"]
[Date "2021.5.30"]
[Round "1"]
[White "australia"]
[Black "Asspain"]
[Result "0-1"]
[WhiteElo "1788"]
[BlackElo "2106"]

1. e3 b6 2. Qf3 Nc6 3. c3 Bb7 4. Qe2 Nf6 5. d3 e5 6. e4 Qe7 7. h3 O-O-O 8. Qc2
d5 9. Nd2 g6 10. Ngf3 Bg7 11. a3 Nh5 12. Be2 Nf4 13. Bf1 dxe4 14. Nxe4 f5 15.
Bxf4 exf4 16. O-O-O fxe4 17. Nh2 e3 18. Re1 Rhf8 19. f3 Rf5 20. Be2 Rc5 21. Kb1
Nd4 22. Qd1 Nxe2 23. Rxe2 Ba6 24. Ka1 Rxc3 0-1

[Event "AUTO-OPEN-4283"]
[Site "http://www.queenalice.com/game.php?id=1760985"]
[Date "2021.5.30"]
[Round "1"]
[White "Asspain"]
[Black "sia"]
[Result "0-1"]
[WhiteElo "2128"]
[BlackElo "1864"]

1. e4 e5 2. Nf3 d6 3. d4 exd4 4. Nxd4 Nf6 5. Nc3 Be7 6. Be2 Nc6 7. Nxc6 bxc6 8.
O-O O-O 9. Be3 Bb7 10. f3 Re8 11. Qd2 Nd7 12. Nd1 a6 13. Nf2 c5 14. Rfd1 Bf6 15.
Ng4 Ne5 16. Nxf6+ Qxf6 17. Bg5 Qg6 18. Rab1 f5 19. f4 Nf7 20. exf5 Qxf5 21. b4
Nxg5 22. fxg5 Be4 23. Bd3 Bxd3 24. cxd3 cxb4 25. Rxb4 Re5 26. h4 Ra5 27. Rdb1
Qd5 28. Rb8+ Rxb8 29. Rxb8+ Kf7 30. Qf2+ Kg6 31. Rb4 Rxa2 32. h5+ Kxh5 33. Rh4+
Kg6 0-1

[Event "AUTO-OPEN-4283"]
[Site "http://www.queenalice.com/game.php?id=1760986"]
[Date "2021.5.30"]
[Round "1"]
[White "sia"]
[Black "Asspain"]
[Result "1-0"]
[WhiteElo "1891"]
[BlackElo "2081"]

1. e4 Nf6 2. d3 e5 3. Nf3 Nc6 4. Be2 Bb4+ 5. c3 Be7 6. O-O O-O 7. a3 d5 8. exd5
Nxd5 9. b4 Nf4 10. Bxf4 exf4 11. d4 Bg4 12. h3 Bh5 13. Nbd2 Qd5 14. c4 Qf5 15.
d5 Bf6 16. dxc6 Bxa1 17. cxb7 Rad8 18. Qxa1 Rxd2 19. Nxd2 Bxe2 20. Re1 f3 21.
Qc3 Qf4 22. g3 Qf6 23. Qxf6 gxf6 24. c5 c6 25. Ne4 Kg7 26. a4 Rb8 27. Nd6 Kg6
28. b5 cxb5 29. axb5 Bxb5 30. Nxb5 Rxb7 31. Nd4 Rc7 32. Rc1 h5 33. Nxf3 a5 34.
Nd4 a4 35. c6 Rc8 36. Ra1 Ra8 37. c7 1-0

[Event "AUTO-OPEN-4285"]
[Site "http://www.queenalice.com/game.php?id=1761971"]
[Date "2021.6.12"]
[Round "1"]
[White "Asspain"]
[Black "Fischercat"]
[Result "1-0"]
[WhiteElo "2124"]
[BlackElo "1828"]

1. e4 e5 2. Nf3 d6 3. d4 exd4 4. Nxd4 Be7 5. Nc3 Bg5 6. Bc4 Qe7 7. O-O Bxc1 8.
Rxc1 Nh6 9. Nd5 Qh4 10. Nf3 Qd8 11. Ne3 O-O 12. Nd4 Nc6 13. Ndf5 Nxf5 14. Nxf5
Ne5 15. Bb3 Bxf5 16. exf5 Qf6 17. Qh5 g6 18. fxg6 hxg6 19. Qh3 Kg7 20. f4 Nc6
21. f5 Nd4 22. fxg6 Qxg6 23. Qc3 c5 24. Rf3 b5 25. Rg3 1-0

[Event "AUTO-OPEN-4285"]
[Site "http://www.queenalice.com/game.php?id=1761972"]
[Date "2021.6.12"]
[Round "1"]
[White "Fischercat"]
[Black "Asspain"]
[Result "0-1"]
[WhiteElo "1832"]
[BlackElo "2121"]

1. e4 Nf6 2. d3 e5 3. Bg5 h6 4. Bxf6 Qxf6 5. Nf3 Nc6 6. a3 Bc5 7. c3 O-O 8. b4
Be7 9. Be2 d6 10. O-O Bg4 11. Nbd2 Nd8 12. d4 exd4 13. Nxd4 Bxe2 14. Qxe2 Ne6
15. Nxe6 fxe6 16. c4 Rf7 17. a4 Raf8 18. Rac1 Qg6 19. Kh1 Bg5 20. Rc3 Bxd2 21.
Qxd2 Qxe4 22. Rg3 Qxc4 23. Qxh6 Qxf1# 0-1

[Event "AUTO-OPEN-4285"]
[Site "http://www.queenalice.com/game.php?id=1761973"]
[Date "2021.6.12"]
[Round "1"]
[White "Asspain"]
[Black "jeffcom2f"]
[Result "1-0"]
[WhiteElo "2059"]
[BlackElo "1694"]

1. e4 d5 2. exd5 Qxd5 3. Nc3 Qd8 4. Nf3 e6 5. b3 Nf6 6. Bb2 Be7 7. Bb5+ Nc6 8.
Qe2 O-O 9. O-O-O a6 10. Bxc6 bxc6 11. Ne5 Bb7 12. g4 Nd5 13. Ne4 f6 14. Nd3 Nb4
15. Nxb4 Bxb4 16. a3 Be7 17. Rhg1 c5 18. Ng3 Qd5 19. Nf5 exf5 20. Qxe7 Qf7 21.
Qxc5 Bf3 22. Rde1 fxg4 23. Rg3 c6 24. h3 h5 25. hxg4 hxg4 26. Bd4 a5 27. Re7 Qd5
28. Qc3 Qd6 29. Bc5 Qd5 30. Qe3 Qg5 31. Qe6+ Kh7 32. Be3 Qh4 33. Kb2 Qh5 34. Bd4
Rad8 35. Bxf6 Qg6 36. Rxg7+ Qxg7 37. Bxg7 Kxg7 38. Rxg4+ Bxg4 39. Qxg4+ Kf7 40.
Qf3+ Ke7 41. Qxc6 Rxd2 42. Qc7+ Rd7 43. Qxa5 Rd6 44. Qc5 Rf6 45. a4 Re6 46. a5
Kd8 47. b4 Rc6 48. Qd5+ Red6 49. Qf5 Rf6 50. Qg5 Kd7 51. b5 Rce6 52. f4 Rg6 53.
Qc5 Rg8 54. b6 Rc8 55. Qf5 Rb8 56. Qf7+ Re7 57. Qd5+ Kc8 58. f5 Rd7 59. Qe6 1-0

[Event "AUTO-OPEN-4285"]
[Site "http://www.queenalice.com/game.php?id=1761974"]
[Date "2021.6.12"]
[Round "1"]
[White "jeffcom2f"]
[Black "Asspain"]
[Result "1-0"]
[WhiteElo "1784"]
[BlackElo "2108"]

1. e4 Nf6 2. e5 Nd5 3. d4 d6 4. Nf3 dxe5 5. dxe5 Bg4 6. Be2 Nc6 7. O-O e6 8. c4
Ndb4 9. a3 Na6 10. b4 Naxb4 11. axb4 Bxb4 12. Qxd8+ Rxd8 13. h3 Bf5 14. Bg5 Be7
15. Bxe7 Kxe7 16. g4 Bd3 17. Bxd3 Rxd3 18. Nbd2 Rhd8 19. Rad1 Nxe5 20. Nxe5 Rxd2
21. Rxd2 Rxd2 22. Kg2 f6 23. Nf3 Rc2 24. Ra1 Rxc4 25. Rxa7 b6 26. Nd2 Rc6 27.
Kf1 Kd6 28. Ke2 Ke5 29. Kd3 f5 30. Nc4+ Kf4 31. Ne3 g6 32. gxf5 gxf5 33. Ke2 h5
34. Ra4+ Kg5 35. h4+ Kf6 36. Kf3 Rc5 37. Rb4 e5 38. Ke2 f4 39. Nc4 b5 40. Nd2
Kf5 41. Ne4 Rc4 42. Rxc4 bxc4 43. f3 Ke6 44. Nc3 Kd6 45. Kd2 c6 46. Ne4+ Kd5 47.
Kc3 Ke6 48. Kxc4 1-0

[Event "AUTO-OPEN-4285"]
[Site "http://www.queenalice.com/game.php?id=1761975"]
[Date "2021.6.12"]
[Round "1"]
[White "Asspain"]
[Black "chessman"]
[Result "1-0"]
[WhiteElo "2113"]
[BlackElo "1944"]

1. e4 e6 2. d4 d5 3. Nc3 Nd7 4. exd5 Nb6 5. dxe6 Bxe6 6. Nf3 Nf6 7. Bg5 Be7 8.
Be2 O-O 9. O-O Nbd5 10. Nxd5 Nxd5 11. Bxe7 Nxe7 12. c4 c6 13. Qc2 Ng6 14. Rfd1
Nf4 15. Bf1 Qf6 16. Ne5 Rfd8 17. Qe4 Ng6 18. Nxg6 Qxg6 19. Qxg6 hxg6 20. Rd2 Rd7
21. Rad1 Rad8 22. Be2 f6 23. b3 Bf7 24. Bf3 Kf8 25. Kf1 a6 26. Ke2 Ke7 27. Ke3
1-0

[Event "AUTO-OPEN-4285"]
[Site "http://www.queenalice.com/game.php?id=1761976"]
[Date "2021.6.12"]
[Round "1"]
[White "chessman"]
[Black "Asspain"]
[Result "0-1"]
[WhiteElo "1954"]
[BlackElo "2106"]

1. e4 d5 2. exd5 Qxd5 3. Nf3 Bg4 4. Be2 Nc6 5. O-O O-O-O 6. d3 Nf6 7. a4 h5 8.
Nc3 Qd7 9. Nb5 e6 10. h3 Bd6 11. Nxd6+ Qxd6 12. b3 Bxf3 13. Bxf3 Ng4 14. Bxg4
hxg4 15. Qxg4 f5 16. Qf4 Qc5 17. Qc4 Qe7 18. Ba3 Qf6 19. b4 Rh4 20. Qc5 Rd5 21.
Qe3 f4 22. Qe2 Nd4 0-1

[Event "New Home Game"]
[Site "http://www.queenalice.com/game.php?id=1762949"]
[Date "2021.6.24"]
[Round "-"]
[White "johnrbrown"]
[Black "Asspain"]
[Result "1/2-1/2"]
[WhiteElo "2160"]
[BlackElo "2127"]

1. d4 Nf6 2. c4 e5 3. dxe5 Ng4 4. Nf3 Nc6 5. e3 Bb4+ 6. Bd2 Bxd2+ 7. Qxd2 Ngxe5
8. Nxe5 Nxe5 9. Nc3 O-O 10. O-O-O d6 11. h3 Bd7 12. f4 Nc6 13. g4 a6 14. g5 Be6
15. Be2 Na5 16. b3 b5 17. Nd5 c6 18. Nb4 bxc4 19. Qxd6 cxb3 20. Qxd8 Rfxd8 21.
Rxd8+ Rxd8 22. axb3 Nxb3+ 23. Kc2 Rd2+ 24. Kc3 Rxe2 25. Rb1 Rxe3+ 26. Kc2 Bf5+
27. Kb2 Bxb1 1/2-1/2

[Event "AUTO-MASTER-3043"]
[Site "http://www.queenalice.com/game.php?id=1769834"]
[Date "2021.9.14"]
[Round "2"]
[White "Parma"]
[Black "Asspain"]
[Result "0-1"]
[WhiteElo "1780"]
[BlackElo "2059"]

1. d4 Nf6 2. c4 e5 3. Nf3 e4 4. Nfd2 c6 5. e3 d5 6. Nc3 Bb4 7. cxd5 Bxc3 8. bxc3
cxd5 9. c4 Be6 10. c5 Nc6 11. Bb5 O-O 12. O-O Qc7 13. g3 Bg4 14. Be2 Bxe2 15.
Qxe2 Nb4 16. a4 Nd3 17. a5 Qd7 18. Kg2 Ng4 19. f4 f5 0-1

[Event "AUTO-MASTER-3043"]
[Site "http://www.queenalice.com/game.php?id=1769835"]
[Date "2021.9.14"]
[Round "2"]
[White "Asspain"]
[Black "Parma"]
[Result "1-0"]
[WhiteElo "2053"]
[BlackElo "1807"]

1. e4 c5 2. Nc3 e6 3. g3 Nc6 4. Bg2 d6 5. Nh3 Be7 6. O-O Nf6 7. f4 O-O 8. d3 a6
9. Be3 e5 10. f5 b5 11. g4 h6 12. g5 hxg5 13. Nxg5 Nh7 14. Nxh7 Kxh7 15. Nd5 Bg5
16. Qh5+ Bh6 17. f6 Be6 18. fxg7 1-0

[Event "AUTO-MASTER-3043"]
[Site "http://www.queenalice.com/game.php?id=1769840"]
[Date "2021.9.14"]
[Round "2"]
[White "Asspain"]
[Black "cerenzo72"]
[Result "1-0"]
[WhiteElo "2030"]
[BlackElo "2165"]

1. e4 e5 2. Nf3 d6 3. d4 Nf6 4. Nc3 Nbd7 5. Bg5 Be7 6. Bb5 c6 7. Bd3 Qb6 8. Na4
Qa5+ 9. c3 exd4 10. b4 Qc7 11. Nxd4 Ne5 12. O-O O-O 13. Nb2 Nxd3 14. Qxd3 Nxe4
15. Bxe7 Qxe7 16. Rae1 d5 17. f3 c5 18. bxc5 Qxc5 19. fxe4 dxe4 20. Qxe4 Qxc3
21. Nd3 f5 22. Qd5+ Kh8 23. Ne5 Qc7 24. Nf7+ Kg8 25. Nh6+ Kh8 26. Rc1 Qb6 27.
Qg8+ Rxg8 28. Nf7# 1-0

[Event "AUTO-MASTER-3043"]
[Site "http://www.queenalice.com/game.php?id=1769841"]
[Date "2021.9.14"]
[Round "2"]
[White "cerenzo72"]
[Black "Asspain"]
[Result "0-1"]
[WhiteElo "2149"]
[BlackElo "2051"]

1. e4 c6 2. Nc3 d5 3. Nf3 Bg4 4. h3 Bxf3 5. Qxf3 e6 6. exd5 exd5 7. Be2 Nf6 8.
d4 Be7 9. O-O O-O 10. Bd3 Nbd7 11. Bf4 Nb6 12. a3 Qd7 13. Be5 Nc4 14. Bxc4 dxc4
15. a4 Nd5 16. Qg3 f6 17. Bf4 Nxf4 18. Qxf4 Bd6 19. Qh4 Rae8 20. Rad1 Qf5 21. d5
Qe5 22. f4 Qe3+ 23. Kh1 Bb4 24. Na2 Bd2 25. Rf2 Be1 26. Rxe1 Qxe1+ 27. Kh2 Re2
0-1

[Event "AUTO-MASTER-3043"]
[Site "http://www.queenalice.com/game.php?id=1773776"]
[Date "2021.11.2"]
[Round "3"]
[White "Rafale2000"]
[Black "Asspain"]
[Result "1/2-1/2"]
[WhiteElo "1997"]
[BlackElo "2064"]

1. e4 c6 2. d4 d5 3. Nc3 dxe4 4. Nxe4 Bf5 5. Ng3 Bg6 6. h4 h6 7. h5 Bh7 8. f4 e6
9. Nf3 Nf6 10. c3 Nbd7 11. Bd3 Bxd3 12. Qxd3 Qc7 13. Bd2 O-O-O 14. O-O-O Ng4 15.
Rhf1 Bd6 16. Ne5 Ndxe5 17. fxe5 Nxe5 18. Qc2 Nc4 19. Ne4 Nxd2 20. Nxd6+ Rxd6 21.
Qxd2 e5 22. Qe3 exd4 23. Rxd4 Re6 24. Qf4 Qxf4+ 25. Rdxf4 f6 26. Kc2 Rhe8 27.
R1f2 Re5 28. g4 Re2+ 29. Kd3 Re1 30. a4 Rd1+ 31. Kc2 Ree1 32. Rd2 Rxd2+ 1/2-1/2

[Event "AUTO-MASTER-3043"]
[Site "http://www.queenalice.com/game.php?id=1773777"]
[Date "2021.11.2"]
[Round "3"]
[White "Asspain"]
[Black "Rafale2000"]
[Result "1-0"]
[WhiteElo "2061"]
[BlackElo "1994"]

1. e4 Nf6 2. e5 Nd5 3. d4 d6 4. Nf3 Bg4 5. h3 Bh5 6. Be2 e6 7. O-O Nc6 8. c4 Nb6
9. b3 dxe5 10. dxe5 Qxd1 11. Rxd1 Bc5 12. Bb2 O-O 13. Nbd2 Rad8 14. Ne4 Rxd1+
15. Rxd1 Be7 16. Kf1 Rd8 17. Rxd8+ Bxd8 18. Nc5 Na5 19. Nd4 Bxe2+ 20. Kxe2 Be7
21. Nd3 c5 22. Nb5 Nc6 23. Nd6 Bxd6 24. exd6 Nd7 25. f4 f6 26. Ke3 h6 27. g4 a5
28. f5 exf5 29. gxf5 b6 30. Ke4 Kf7 31. Kd5 Nd8 32. Nf4 Nf8 33. h4 g5 34. fxg6+
Nxg6 35. Nh5 f5 36. Bf6 Ke8 37. Ng7+ Kf7 38. Bxd8 Nf4+ 39. Ke5 Kxg7 40. Kxf4 1-0